Equipos Liga España 2025–2026 - Estadísticas

Estadísticas generales
  • Esta prueba ha sido intentada 37 veces
  • La puntuación promedio es 59 de 82
Estadísticas de respuestas
League Team % Correcto
LaLiga Athletic Club
100%
LaLiga Atletico de Madrid
100%
LaLiga FC Barcelona
100%
LaLiga Real Madrid
100%
LaLiga Sevilla FC
100%
LaLiga Celta de Vigo
97%
LaLiga Hypermotion Racing de Santander
97%
LaLiga Real Betis
97%
LaLiga Real Oviedo
97%
LaLiga Real Sociedad
97%
LaLiga Valencia CF
97%
LaLiga Hypermotion Cordoba CF
93%
LaLiga Getafe CF
93%
LaLiga Hypermotion Granada CF
93%
LaLiga Rayo Vallecano
93%
LaLiga Hypermotion RC Deportivo
93%
LaLiga RCD Espanyol
93%
LaLiga RCD Mallorca
93%
LaLiga Hypermotion UD Almeria
93%
LaLiga Hypermotion Cadiz CF
90%
LaLiga Deportivo Alavés
90%
1ª RFEF (Group 1) Tenerife
90%
LaLiga Hypermotion Burgos CF
86%
LaLiga Girona FC
86%
LaLiga Levante UD
86%
1ª RFEF (Group 2) Real Murcia
86%
LaLiga Hypermotion Real Sporting de Gijón
86%
LaLiga Hypermotion Real Zaragoza
86%
LaLiga Hypermotion UD Las Palmas
86%
LaLiga Villareal CF
86%
LaLiga Hypermotion AD Ceuta FC
83%
LaLiga Hypermotion Albacete BP
83%
LaLiga CA Osasuna
83%
LaLiga Elche CF
83%
LaLiga Hypermotion FC Andorra
83%
LaLiga Hypermotion Malaga CF
83%
1ª RFEF (Group 1) Real Madrid Castilla
83%
LaLiga Hypermotion SD Eibar
83%
1ª RFEF (Group 2) Gimnastic Tarragona
79%
LaLiga Hypermotion SD Huesca
79%
LaLiga Hypermotion CD Leganes
76%
1ª RFEF (Group 2) AD Alcorcon
72%
LaLiga Hypermotion CD Castellon
72%
1ª RFEF (Group 2) CE Europa
72%
1ª RFEF (Group 2) FC Cartagena
72%
LaLiga Hypermotion Real Sociedad B
72%
LaLiga Hypermotion Real Valladolid CF
72%
1ª RFEF (Group 1) CD Lugo
69%
1ª RFEF (Group 2) CE Sabadell
69%
LaLiga Hypermotion Cultural Leonesa
69%
1ª RFEF (Group 2) Hercules
69%
1ª RFEF (Group 1) AD Merida
66%
LaLiga Hypermotion CD Mirandes
66%
1ª RFEF (Group 1) Pontevedra
66%
1ª RFEF (Group 1) Unionistas CF
66%
1ª RFEF (Group 1) Barakaldo
62%
1ª RFEF (Group 2) Betis Deportivo
59%
1ª RFEF (Group 2) Sevilla Atletico
59%
1ª RFEF (Group 2) UD Ibiza
59%
1ª RFEF (Group 2) Eldense
55%
1ª RFEF (Group 1) Ponferradina
55%
1ª RFEF (Group 1) Real Aviles Industrial
55%
1ª RFEF (Group 1) Arenas de Getxo
52%
1ª RFEF (Group 2) Atletico Madrileño
52%
1ª RFEF (Group 1) Ourense CF
52%
1ª RFEF (Group 1) Zamora CF
52%
1ª RFEF (Group 1) CD Guadalajara
48%
1ª RFEF (Group 1) Celta Fortuna
48%
1ª RFEF (Group 1) CP Cacereño
48%
1ª RFEF (Group 1) Racing Ferrol
48%
1ª RFEF (Group 2) CD Teruel
45%
1ª RFEF (Group 1) Osasuna Promesas
45%
1ª RFEF (Group 2) Villareal B
41%
1ª RFEF (Group 2) Algeciras CF
38%
1ª RFEF (Group 2) Antequera CF
38%
1ª RFEF (Group 2) Marbella FC
38%
1ª RFEF (Group 1) Arenteiro
34%
1ª RFEF (Group 2) SD Tarazona
34%
1ª RFEF (Group 2) Atletico Sanluqueño
31%
1ª RFEF (Group 1) Bilbao Athletic
31%
1ª RFEF (Group 1) CF Talavera
31%
1ª RFEF (Group 2) Juventud Torremolinos
31%
No se encontraron pruebas coincidentes
Distribución de puntuación
Porcentaje de gente con cada puntuación
Porcentaje por número respondido
Historial de tus puntuaciones
No has intentado esta prueba.